000 01000nam a2200241 a 4500
005 20191224041707.0
008 140311b1999 ck |||||r|||| 00| 0 spa d
040 _aCO-BoIAVH
_cCO-BoIAVH
041 _aspa
044 _ack
090 _aLB
_b03299
100 1 _aMurgueitio R., Enrique
245 1 0 _aSistemas agroforestales pecuarios en Colombia /
_cEnrique Murgueitio R.
260 _aCali (Colombia) :
_bFundación CIPAV,
_c1999.
300 _a60 páginas ;
_btablas, gráficas ;
_c28 x 22 cm.
504 _aIncluye referencias bibliográficas.
505 0 _aLa conservación de la biodiversidad en sistemas silvopastorales. -- Cecilia A. Harvey Los sistemas agroforestales: la alternativa sustentable al mantenimiento de la biodiversidad y del paisaje rural. -- Eduardo Escalante
650 6 _aSistemas agroforestales
650 6 _aBiodiversidad
_xConservación
650 4 _aSistemas silvipastorales
650 6 _aGanaderia
_xEstado
942 _cINFORME
_2z
999 _c3518
_d3518